| 000 | 00967cam a2200301 a 4500 | ||
|---|---|---|---|
| 999 |
_c19278 _d19278 |
||
| 001 | 2910190 | ||
| 005 | 20170116083352.0 | ||
| 008 | 880516s1988 mau b 001 0 eng | ||
| 010 | _a 88016007 | ||
| 020 | _a0805787062 | ||
| 020 | _a0805787100 (pbk.) | ||
| 050 | 0 | 0 | _aPR2807 .W35 1988 |
| 100 | 1 | _aWatts, Cedric Thomas. | |
| 245 | 1 | 0 |
_aHamlet / _cCedric Watts. |
| 260 |
_aBoston : _bTwayne Publishers, _cc1988. |
||
| 300 |
_axlviii, 93 p. ; _c22 cm. |
||
| 440 | 0 | _aTwayne's new critical introductions to Shakespeare | |
| 500 | _aIncludes index. | ||
| 504 | _aBibliography: p. 86-87. | ||
| 600 | 1 | 0 |
_aShakespeare, William, _d1564-1616. _tHamlet. |
| 600 | 0 | 0 |
_aHamlet _c(Legendary character) |
| 650 | 0 | _aTragedy. | |
| 942 |
_2lcc _cBOOKS |
||